000 00426nam a2200157Ia 4500
008 240729s9999 xx 000 0 und d
022 _a2406-9272
245 0 _aSqualen
260 _aIndonesia
260 _bKementerian Kelautan dan Perikanan
650 _a Ocean engineering | Naval Science
650 _aTechnology
856 _uhttps://doaj.org/toc/b13f690410334613a0cdcdb19c789e61
942 _2ddc
942 _cDOAJEJ
999 _c70631
_d70631
945 _a1
_bMadushi Gamage
_c1
_dMadushi Gamage